书目信息 |
| 题名: |
5G关键技术与工程建设
|
|
| 作者: | 朱晨鸣 编著 | |
| 分册: | ||
| 出版信息: | 北京 人民邮电出版社 2019.11 |
|
| 页数: | 250页 | |
| 开本: | 24cm | |
| 丛书名: | 5G丛书 | |
| 单 册: | ||
| 中图分类: | TN929.5 | |
| 科图分类: | ||
| 主题词: | 无线电通信--wu xian dian tong xin--移动通信--通信技术 | |
| 电子资源: | ||
| ISBN: | 978-7-115-51885-9 | |
| 000 | 01488nam 2200337 450 | |
| 001 | 0100016516 | |
| 005 | 20200929160439.0 | |
| 010 | @a978-7-115-51885-9@dCNY88.00 | |
| 100 | @a20191202d2019 em y0chiy50 ea | |
| 101 | 0 | @achi |
| 102 | @aCN@b110000 | |
| 105 | @aa a 000yy | |
| 106 | @ar | |
| 200 | 1 | @a5G关键技术与工程建设@A5G guan jian ji shu yu gong cheng jian she@d= 5G key technologies and engineering construction@f朱晨鸣 ... [等] 编著@zeng |
| 210 | @a北京@c人民邮电出版社@d2019.11 | |
| 215 | @a250页@c图@d24cm | |
| 225 | 2 | @a5G丛书@A5G cong shu |
| 225 | 2 | @a国之重器出版工程@Aguo zhi zhong qi chu ban gong cheng@i网络强国建设 |
| 300 | @a“十三五”国家重点出版物出版规划项目 | |
| 304 | @a题名页题其余责任者: 王强, 李新, 彭雄根, 贝斐峰, 王造宇 | |
| 314 | @a朱晨鸣, 研究员级高级工程师。 | |
| 320 | @a有书目 (第247-250页) | |
| 330 | @a本书先从5G需求与愿景、5G研究项目与标准化进展等方面入手介绍了5G的引入背景和现状, 接着说明为达到5G的需求使用的无线传输新技术和满足业务应用的弹性需求而设计的新的网络架构, 并分析了5G可能的频谱资源, 最后分析和探讨了5G网络规划和工程建设, 同时展望了5G的未来应用发展。 | |
| 410 | 0 | @12001 @a5G丛书 |
| 410 | 0 | @12001 @a国之重器出版工程@i网络强国建设 |
| 510 | 1 | @a5G key technologies and engineering construction@zeng |
| 606 | 0 | @a无线电通信@Awu xian dian tong xin@x移动通信@x通信技术 |
| 690 | @aTN929.5@v5 | |
| 701 | 0 | @a朱晨鸣@Azhu chen ming@4编著 |
| 801 | 0 | @aCN@c20191202 |
| 905 | @a河南城建学院图书馆@dTN929.5@f2@eZ834 | |
| 5G关键技术与工程建设= 5G key technologies and engineering construction/朱晨鸣 ... [等] 编著.-北京:人民邮电出版社,2019.11 |
| 250页:图;24cm.-(5G丛书).-(国之重器出版工程.网络强国建设) |
| “十三五”国家重点出版物出版规划项目 |
| ISBN 978-7-115-51885-9:CNY88.00 |
| 本书先从5G需求与愿景、5G研究项目与标准化进展等方面入手介绍了5G的引入背景和现状, 接着说明为达到5G的需求使用的无线传输新技术和满足业务应用的弹性需求而设计的新的网络架构, 并分析了5G可能的频谱资源, 最后分析和探讨了5G网络规划和工程建设, 同时展望了5G的未来应用发展。 |
| ● |
| 相关链接 |
|
|
|
正题名:5G关键技术与工程建设
索取号:TN929.5/Z834
 
预约/预借
| 序号 | 登录号 | 条形码 | 馆藏地/架位号 | 状态 | 备注 |
| 1 | 1493807 | 214938077 | 自科库301/301自科库 99排4列2层/ [索取号:TN929.5/Z834] | 在馆 | |
| 2 | 1493808 | 214938086 | 自科库301/301自科库 99排4列2层/ [索取号:TN929.5/Z834] | 在馆 |